• 首页
  • 本馆介绍
  • 公告通知
  • 最新文献
  • 馆藏检索
  • 电子资源
  • 读者荐购
  • 参考咨询
  • CALIS
  • 我的图书馆
  • 登录
  • 详细信息显示
  • 放入我的书架
  • 预约/预借图书
  • 作者相关作品
  • 分类相关作品
  • 丛书相关作品
  • 出版社相关作品

书目信息

  • 表格格式
  • 工作单格式
  • 卡片格式
题名:
心理调适与心理健康全集
    
 
作者: 李智 编著
分册:  
出版信息: 北京   海潮出版社  2008.10
页数: 366页
开本: 24cm
丛书名:
单 册:
中图分类: R395.6
科图分类:
主题词: 心理卫生--xin li wei sheng--研究
电子资源:
ISBN: 978-7-80213-583-3
 
 
 
 
 
000 00655cam0 2200217 450
001 CAL 012008163797
005 20110228174330.20
010    @a978-7-80213-583-3@dCNY45.00
100    @a20081125d2008 km y0chiy50 ea
101 0  @achi
102    @aCN@b110000
105    @ay z 000yy
200 1  @a心理调适与心理健康全集@Axin li diao kuo yu xin li jian kang quan ji@f李智编著
210    @a北京@c海潮出版社@d2008.10
215    @a366页@d24cm
606    @a心理卫生@Axin li wei sheng@x研究
690    @aR395.6@v4
701  0 @a李智@Ali zhi@4编著
801  2 @aCN@b湖北经济学院图书馆@c20110228
801  0 @aCN@bHUEL@c20081125
905    @aZUCC@dR395.6@eL333@f3
    
    心理调适与心理健康全集/李智编著.-北京:海潮出版社,2008.10
    366页;24cm
    
    
    ISBN 978-7-80213-583-3:CNY45.00
    
●
相关链接 在E读中查询图书 在当当中查询图书 在豆瓣中查询图书


正题名:心理调适与心理健康全集     索取号:R395.6/L333         预约/预借

序号 登录号 条形码 馆藏地/架位号 状态 备注
1 1183899   211838993   自科库401/401自科库 15排4列1层/ [索取号:R395.6/L333] 在馆    
2 1183900   211839000   自科库401/401自科库 15排4列1层/ [索取号:R395.6/L333] 在馆    
3 1183901   211839019   自科库401/401自科库 15排4列1层/ [索取号:R395.6/L333] 在馆    
河南城建学院图书馆 欢迎您!
大连网信软件有限公司© 版权所有